Taylor Swift Song With No Hint #5 - Statistics

General Stats
  • This quiz has been taken 10 times
  • The average score is 188 of 239
Answer Stats
Answer % Correct
a
100%
and
100%
And
100%
be
100%
can
100%
don't
100%
I
100%
I,
100%
in
100%
In
100%
it
100%
It
100%
It's
100%
it's
100%
me,
100%
me
100%
my
100%
My
100%
on
100%
the
100%
they
100%
They
100%
this
100%
to
100%
we
100%
what
100%
when
100%
You
100%
you
100%
you,
100%
your
100%
all
89%
by
89%
know
89%
love
89%
Not
89%
say
89%
them
89%
us
89%
want,
89%
are
78%
as
78%
but
78%
could
78%
down
78%
for
78%
got
78%
Let
78%
Lights
78%
pass
78%
their
78%
time
78%
we'll
78%
we're
78%
won't
78%
always
67%
Baby,
67%
bad
67%
dark
67%
ever
67%
hand
67%
hear
67%
of
67%
places
67%
run
67%
See
67%
so
67%
They'll
67%
with
67%
boxes
56%
'Cause
56%
chasing
56%
damn
56%
drop
56%
fences
56%
flash
56%
found,
56%
foxes
56%
grab
56%
guns
56%
here
56%
hide
56%
hunters,
56%
Just
56%
lips
56%
Loose
56%
Love's
56%
night,
56%
out
56%
ships
56%
sign,
56%
sign
56%
sink
56%
stand
56%
tails
56%
take
56%
track
56%
trying
56%
whisper
56%
burn
44%
cages,
44%
circling,
44%
clouds
44%
dead
44%
everybody
44%
eyes
44%
finds
44%
flame,
44%
fragile
44%
green
44%
happens
44%
little
44%
plain
44%
sight
44%
Something
44%
vultures
44%
waistline
44%
bulletproof
33%
scene,
33%
shots,
33%
No matching quizzes found
Score Distribution
Percent of People with Each Score
Percentile by Number Answered
Your Score History
You have not taken this quiz